00539nam a2200157Ia 4500008004100000041000800041082002000049100001500069245003600084260002700120300000800147365001600155700003000171999001900201952016100220230719s9999 xx 000 0 und d aeng a621.3815'3bMIL aMillman J. aElectronic Devices And Circuits bTata Mc-graw Hill Pub. a752 cRs.b110.00 aMillman J. & Halkias C.C. c354334d354334 00104070aCCEPbCCEPcDonated Bookd2016-01-07eMasurkar Enterprisesg110.00o621.3815'3pCCEP-DB-539r2023-07-19 00:00:00v110.00w2023-07-19yBKzD00539